00511nam a2200193Ia 4500008004100000020001800041050001400059100002800073245003400101245005200135260001500187260001600202260000900218300001500227300002700242300001000269440003000279500000800309170918s9999 xx 000 0 und d a9780439917636 bC255 2006 aCapucilli, Alyssa Satin aBiscuit visits the big city / cAlyssa Satin Capucilli ; pictures Pat Schories. aNew York : bScholastic, c2006 a28 pages : bcolored illustration ; c22cm. aI can read book my first. a230